Czech Republic

Enregistré dans:
Détails bibliographiques
Format: Livre
Langue:anglais
Publié: Paris OECD 2011
Collection:OECD economic surveys
Sujets:
Tags: Ajouter un tag
Pas de tags, Soyez le premier à ajouter un tag!

MARC

LEADER 00000nam a2200000 4500
001 0166839
005 20240315120513.5
020 |a 978-92-64-09427-7 
022 |a 1995-350X 
041 0 |a eng 
044 |a FR 
245 1 0 |a Czech Republic 
264 1 |a Paris  |b OECD  |c 2011 
300 |a 110 s. 
490 1 |a OECD economic surveys 
830 0 |a OECD economic surveys 
610 2 0 |a situácia hospodárska 
610 2 0 |a politika fiškálna 
610 2 0 |a penzie 
610 2 0 |a starostlivosť o zdravie 
610 2 0 |a politika energetická 
610 2 0 |a Česko